Les lauriers de césar /

Guardado en:
Autor Principal: Goscinny
Otros Autores: Uderzo
Formato: Libro
Publicado: Francia : Dargaud, 1988
Materias:
Etiquetas: Agregar Etiqueta
Sin Etiquetas, Sea el primero en etiquetar este registro!
LEADER 00422nam a22001695a 4500
001 CEM.cems008710
005 20060214000000.0
008 130507s1988##################000#0#####d
003 CEMS
082 0 4 |a 840 
100 1 |a Goscinny 
245 1 0 |a Les lauriers de césar / 
260 |a Francia :  |b Dargaud,  |c 1988 
300 |a 48 p. 
653 |a Comics 
700 1 |a Uderzo 
859 |a CEMS  |b BIB. CEMS - 11 de abril  |h 840  |i G69-1  |p 17540.94  |t Ej.1